| 000 | 00880cam a2200301Ka 4500 | ||
|---|---|---|---|
| 001 | 42671 | ||
| 005 | 20230410132804.0 | ||
| 008 | 030303s1969 mx 000 0 spa d | ||
| 035 | _a(OCoLC)ocm51778342 | ||
| 040 |
_aUBP _bspa _cUBP _dOCLCQ |
||
| 035 | _a(OCoLC)51778342 | ||
| 050 | 1 | 4 |
_aQH 311 _bC569 1969 |
| 049 | _aGRAL | ||
| 245 | 1 | 0 |
_aCiencias humanas y dialéctica / _cMarcel Prenant, Henry Wallon... [y otros] ; Tr. de Jose Ferrel. |
| 260 |
_aMéxico : _bGrijalbo, _c1969. |
||
| 300 |
_a153 p. : _b21 cm. |
||
| 440 | 0 |
_aColección 70; _v39 |
|
| 500 | _aTraduccion de : A la lumiere du Marxisme. | ||
| 650 | 4 | _aBiología | |
| 650 | 4 | _aMaterialismo dialéctico | |
| 650 | 4 | _aFilosofia de la Ciencia. | |
| 650 | 4 | _aPsicología | |
| 650 | 4 |
_aCiencias _xconocimiento. |
|
| 700 | 1 | _aPrenant, Marcel. | |
| 942 |
_2lcc _cbk |
||
| 946 | _amfcruz | ||
| 994 |
_aC0 _bDRFGD |
||
| 999 |
_c87784 _d87784 |
||